Quizzes
Events
Quiz Creation
Community
Videos
Private Events
Remove Ads
Sign In
Join for FREE
Feedback
Dark Mode
Quiz Categories
Sports
Geography
Music
Movies
Television
Just For Fun
Miscellaneous
History
Literature
Language
Science
Gaming
Entertainment
Religion
Holiday
For Kids
Quiz Lab
Recent
Popular Today
Quiz Kudos Today
Editor Picks
Curator Picks
Quizzes by...
Day
Popularity
Type
Ratings
Length
Year
Community
Subscriptions
Recent Discussions
Orange Saloon
Badges
Playlists
Quests
Create
Leaderboards
Showdown
Live 5
Trivia Bingo
Activity
Puzzle Library
Sporcle Events
Private Events
Virtual Trivia
Globe League
Become a Host
Pub Owners
SporcleCon
Opinionation
Our Games
Videos
Blog
Mobile Apps
Partnerships
Remove Ads and Go Orange
Feedback
Geography
Country
Landmarks
City
State
Population
World
Capital
Continent
Flags
Europe
Africa
Asia
South America
North America
Oceania
Border
Canada
United Kingdom
Topography
United States
Geography
Country
Landmarks
City
State
Population
World
Capital
Continent
Flags
Europe
Africa
Asia
South America
North America
Oceania
Border
Canada
United Kingdom
Topography
United States
Random Quiz
Search Sporcle
×
Quiz Lab
Quiz Lab
Geography
Blitz
Type in answers that appear in a list
Type in answers that appear in a list
Classic
Best Score? Go Orange.
Mexican Border Blitz Stats
Can you name the states of Mexico, which will also cause all of their bordering states to appear?
By
lpgomar
2m
32 Questions
64 Plays
64 Plays
64 Plays
Comments
Comments
Give Quiz Kudos
Give Quiz Kudos
-
- Ratings
hide this ad
More Info
Replay
Link that replays current quiz
Next Quiz
Link to next quiz in quiz playlist
You Got
0%
They Got
Avg Score
93%
Avg Friend Score
Upgrade to see
Score Distribution
Jump to the score distribution portion of the page
Score
0/32
Timer
02:00
0
Plays Today
% Correct
Guerrero
100%
Hidalgo
100%
State of Mexico
100%
Morelos
100%
Puebla
100%
Michoacán
98.4%
Mexico City
96.9%
Querétaro
96.9%
Tlaxcala
96.9%
Chihuahua
93.8%
Coahuila
93.8%
Durango
93.8%
Sinaloa
93.8%
Sonora
93.8%
Veracruz
93.8%
Zacatecas
93.8%
% Correct
Baja California
92.2%
Jalisco
92.2%
Oaxaca
92.2%
San Luis Potosí
92.2%
Aguascalientes
90.6%
Baja California Sur
90.6%
Nayarit
90.6%
Campeche
89.1%
Chiapas
89.1%
Guanajuato
89.1%
Quintana Roo
89.1%
Tamaulipas
89.1%
Yucatán
89.1%
Colima
87.5%
Nuevo León
85.9%
Tabasco
85.9%
Quiz Playlist
Details
Report
Send in Message
Add To Playlist
More Info:
DIRECTIONS: When you type a state, the state and all of its bordering state will appear.
Classic:
Type in answers that appear in a list
Last Updated: May 5, 2017
Quiz Scoreboard
CHALLENGE
Sign Up to Join the Scoreboard
Show All
Scores
Hide
Comments
May contain spoilers
Recently Published
College Basketball Coaching Resumes
by pancakes188
Sports
9m
Billboard Blitz: Fleetwood Mac
by CooCooCachoo
Music
15s
Presidents Visiting Landmarks
by Hejman
History
7m
More to Explore
Quiz From the Vault
Featured Blog Post
Where Did the Easter Bunny Come From?
hide this ad
You Might Also Like...
Tags
Blitz Quiz
Border Quiz
Mexico
State Borders
Today's Top Quizzes in Geography
Browse Geography
hide this ad
Today's Top Quizzes in Blitz
Browse Blitz
Top Contributed Quizzes in Geography
1
Countries of the World - No Outlines Minefield
2
Top 25 Cities of France on a map
3
Any capital of a 'B' country per Continent
4
Any capital of a 'C' country per Continent
5
Closest Countries to UK A-Z
6
Any capital of a 'D' country per Continent
7
5-to-1: US Geography No Hints
8
Any capital of an 'E' country per Continent
9
One Thing in Common: United Kingdom
10
Click the Alabama Counties! (Map)
Explore More
Trending Topics
Kpop
Crossword
Marvel
NBA
Harry Potter
Anime
Disney
Country
WWE
Puzzle
Soccer
NFL
Pokémon
The Office
Song
hide this ad
More By:
lpgomar
Quiz
Plays
Rating
Category
Featured
Created
Quick Pick: Canadian Rock Bands
6,627
4.47
Just For Fun
Nov 13, 2019
Quick Pick: German Rock Bands
3,002
4.58
Music
Nov 13, 2019
7 to 1: Soccer Teams
2,555
4.57
Sports
Mar 24, 2017
Quick Pick: British Rock Bands
2,040
4.71
Music
Nov 5, 2019
Quick Pick: American Rock Bands
1,800
4.70
Music
Nov 5, 2019
Go to Creator's Profile
Score Distribution
Quiz Creator Spotlight
lpgomar
Follow
Send a Message
Quizzes Created
-
Created Quiz Play Count
-
More By This Creator
Popular Quizzes Today
1
Find the US States - No Outlines Minefield
2
Find the Countries of Europe - No Outlines Minefield
3
The Countries of the World
4
Find the US States
5
Risky Map Clicking: Biggest States A-Z
6
US States
7
Popular People in 1961
8
Movies - When Are They Set?
More Geography Quizzes
Criteria 'H' Cities
Published
Trending Quizzes
Risky Map Clicking: Least Populous States A-Z
1-10 Letter G Words
1-10 Letter F Words
Risky Map Clicking: Next State Alphabetically
Click the Washington State Counties! (Map)
Recently Updated
Leaping Animals
pecheneg
Reality TV Shows (A-Z)
bhenderson79
Rickey Henderson's Hall of Fame Teammates
pecheneg
Champions League XIs: Arsenal
pecheneg
Quick Pick: Celebrities in WWE's Hall of Fame
aduchscher
A-Z Keypad Blitz II
pecheneg
Multiple Oscar Actors
pecheneg
Mystery Phrase Blitz: Oscar 'Best Actors'
pecheneg
F. Scott Fitzgerald Novels
LTH
Pick 3 Villains
ddd62291
Trending Topics
Harry Potter
Disney
Crossword
NBA
Kpop
Anime
Marvel
Puzzle
Pokémon
WWE
Soccer
The Office
NFL
Country
Song
Your Account Isn't Verified!
In order to create a playlist on Sporcle, you need to verify the email address you used during registration. Go to your
Sporcle Settings
to finish the process.
Report this User
Report this user for behavior that violates our
Community Guidelines
.
Details:
Send Report
Go to the Sporcle.com Mobile Site →
Comments